| 000 | nam a22 a 4500 | ||
|---|---|---|---|
| 999 |
_c4258 _d4258 |
||
| 005 | 20170526095820.0 | ||
| 008 | 170526s2008 my ||||| |||| 00| 0 may d | ||
| 020 | _a9789839224320 | ||
| 040 | _aAKMAL | ||
| 082 | _a352.448595 ABD | ||
| 090 |
_a352.448595 _bABD |
||
| 100 |
_aDato' Sri Abd. Rahman Abd. Hamid. _d1951- _98325 |
||
| 245 | 1 | 0 |
_aMemacu Di Hadapan Menggalas Kecemerlangan Kastam : _bSuatu Realiti / _cDato' Sri Abd. Rahman Abd. Hamid. |
| 260 |
_aMelaka: _bAkademi Kastam Diraja Malaysia (AKMAL) , _c2008. |
||
| 300 |
_axi, 276 mukasurat: _c21cm |
||
| 610 | 1 | 0 |
_aJabatan Kastam Diraja Malaysia _zMalaysia _98326 |
| 650 | 1 | 0 |
_aCustoms Administration _zMalaysia _9491 |
| 650 | 2 | 0 |
_aPublic Administration _zMalaysia _9419 |
| 942 |
_2ddc _cBOOK |
||
| 950 | _lAKMAL | ||